| 000 | 00564nam a2200217Ia 4500 | ||
|---|---|---|---|
| 005 | 20260526093256.0 | ||
| 008 | 131103s9999 xx 000 0 und d | ||
| 040 | _aLoreto College | ||
| 041 | _aEnglish | ||
| 082 |
_a809 _bFED |
||
| 100 | _aFeder,Lillian | ||
| 245 |
_aAncient Myth in Modern Poetry _cLillian Feder |
||
| 260 |
_aPrinceton _bPrinceton University Press _c1971 |
||
| 300 | _axiv,432 p. | ||
| 504 | _aIncludes index | ||
| 630 | _aPoetry | ||
| 650 | _aEnglish Literature | ||
| 651 | _aHistory and Criticism | ||
| 850 | _aLCLIB | ||
| 942 | _cBK | ||
| 999 |
_c12980 _d63459 |
||